000 00723nam a2200253Ia 4500
003 OSt
005 20221007101248.0
006 a|||||r|||| 00| 0
007 ta
008 221006b |||||||| |||| 00| 0 eng d
024 _a6,133
037 _cTextual
040 _aLCO
_cLCO
_beng
041 _2eng
_aeng
082 _aX615r1,N69, K9
100 _aPearson Lester B. Chairman
_9702775
245 0 _aPartners in Development
260 _aNew
_bYork Praeger Publishers U.S.A.
_c1969
300 _a400
500 _aReport of the Commission On International Development
650 _aDEVELOPMENT
942 _hX615r1,N69, K9
_cTEXL
999 _c1175696
_d1175696